Представление документа в формате RUSMARC

ПолеНазваниеЗначение
  Тип записи a
  Библиографический уровень a
001 Контрольный номер RU/CBS_Ul/BASE/516758234
005 Дата корректировки 20240209175200.8
100 Данные общей обработки __
a Данные общей обработки 20160516d2016 ||| 0rusy0189 ca
101 Язык документа 0_
a Язык текста rus
102 Страна публикации __
a Страна публикации RU
105 Кодированные данные (монография) __
a Кодированные данные (монография) y###||||000|y
200 Заглавие и сведения об ответственности 1_
a Заглавие Олег Меньшиков: "Войти в свою дверь"
b Общее обозначение материала Текст
e Сведения, относящиеся к заглавию [об актере О. Меньшикове]
f Первые сведения об ответственности Ю. Осипов
300 Общие примечания __
a Общие примечания Ограничения по возрасту - 16+
461 Уровень набора _0
1 2000
a Смена
463 Уровень физической единицы _0
1 001RU/CBS_Ul/BASE/516754079
1 2000
a № 5
v С. 52-65: фото.
1 210
d 2016
600 Персоналии _0
a Персоналии (Фамилия) Меньшиков
b Персоналии (Имя, инициалы) О.Е.
606 Тематические рубрики 0_
a Основная рубрика Киноактеры - Российская Федерация
606 Тематические рубрики 0_
a Основная рубрика Меньшиков, Олег Евгеньевич (1960)
610 Ключевые слова 0_
a Ключевые слова киноактеры
a Ключевые слова актеры российские
a Ключевые слова российское кино
a Ключевые слова отечественный кинематограф
a Ключевые слова Народные артисты РФ
686 Индексы других классификаций __
a Классификационный индекс 85.373(2)
2 Код системы ББК
700 Автор _1
a Фамилия Осипов
b Имя (инициалы) Ю.
801 Источник записи _0
a Страна RU
b Организация МБУК ЦБС г. Ульяновска
c Дата составления 20160516
g Правила каталогизации RCR
801 Источник записи _1
a Страна RU
b Организация МБУК ЦБС г. Ульяновска
c Дата составления 20160516
g Правила каталогизации RCR
901 Тип документа __
t Тип документа b
w Контрольный № источника RU/CBS_Ul/BASE/516754079
910 Корректоры записи __
a Корректор записи admin2
938 Служебная информация __
a Имя БД period